Catálogo

LA AUDITORIA ADMINISTRATIVA (Registro nro. 15042)

Detalles MARC
000 -LEADER
fixed length control field 00441nam a2200169 a 4500
001 - CONTROL NUMBER
control field 15042
005 - DATE AND TIME OF LATEST TRANSACTION
control field 20180713203625.0
008 - FIXED-LENGTH DATA ELEMENTS--GENERAL INFORMATION
fixed length control field 140415s1976 mx 000 0 spa d
041 ## - LANGUAGE CODE
Language code of text/sound track or separate title spa
082 ## - DEWEY DECIMAL CLASSIFICATION NUMBER
Classification number 658.4
Item number FER
100 1# - MAIN ENTRY--PERSONAL NAME
Personal name FERNANDEZ ARENA, JOSE ANTONIO
245 13 - TITLE STATEMENT
Title LA AUDITORIA ADMINISTRATIVA
250 ## - EDITION STATEMENT
Edition statement 1a ed.
260 ## - PUBLICATION, DISTRIBUTION, ETC.
Place of publication, distribution, etc. MEXICO :
Name of publisher, distributor, etc. ED. DIANA,
Date of publication, distribution, etc. 1976
300 ## - PHYSICAL DESCRIPTION
Extent 227
650 14 - SUBJECT ADDED ENTRY--TOPICAL TERM
Topical term or geographic name entry element ADMINISTRACION
General subdivision AUDITORIA
Existencias
Withdrawn status Lost status Source of classification or shelving scheme Damaged status Not for loan Collection code Home library Current library Shelving location Date acquired Source of acquisition Inventory number Total Checkouts Full call number Barcode Date last seen Price effective from Koha item type Date last checked out
    Dewey Decimal Classification     General Biblioteca Karol Wojtyla Biblioteca Karol Wojtyla Sala general 03/12/2013 Compra 151000000000000000021414   658.4 FER 32473 05/01/2026 03/12/2013 Libro  
    Dewey Decimal Classification     General Biblioteca Karol Wojtyla Biblioteca Karol Wojtyla Sala general 03/12/2013 Compra 151000000000000000021415   658.4 FER 52703 05/01/2026 03/12/2013 Libro  
  Extraviado Dewey Decimal Classification       Biblioteca Karol Wojtyla Biblioteca Karol Wojtyla   03/12/2013 Compra     658.4 FER 7949   03/12/2013 Libro  
    Dewey Decimal Classification     General Biblioteca Karol Wojtyla Biblioteca Karol Wojtyla Sala general 03/12/2013 Compra 151000000000000000021413   658.4 FER 7948 05/01/2026 03/12/2013 Libro 18/04/2016
    Dewey Decimal Classification     General Biblioteca Karol Wojtyla Biblioteca Karol Wojtyla Sala general 03/12/2013 Compra 151000000000000000021412 1 658.4 FER 38 05/01/2026 03/12/2013 Libro 18/09/2025